[Event "Medimurska CupT"]
[Site "Croatia"]
[Date "2019.02.17"]
[Round "2.2"]
[White "Hajec, Bozidar"]
[Black "Kovacic, Dominik"]
[Result "0-1"]
[WhiteElo "1687"]
[BlackElo "1839"]
[PlyCount "114"]
[EventDate "2019.02.10"]
[EventType "team-swiss"]
[EventRounds "6"]
[EventCountry "CRO"]
[SourceTitle "EXT 2020"]
[Source "ChessBase"]
[SourceDate "2019.10.17"]
[SourceVersion "1"]
[SourceVersionDate "2019.10.17"]
[SourceQuality "1"]

1. e4 g6 2. d4 c5 3. c3 cxd4 4. cxd4 Bg7 5. Nf3 d5 6. e5 f6 7. Bf4 Nc6 8. Bb5 f5 9. Qd2 e6 10. Nc3 Nge7 11. 0-0 Bd7 12. a3 h6 13. h4 a6 14. Be2 Na5 15. Qc2 Rc8 16. b3 Qb6 17. Rab1 Kf7 18. Qb2 Rc7 19. Rfc1 Rhc8 20. Bd1 Kg8 21. Qd2 Kh7 22. Ne1 Nac6 23. Be3 f4 24. Bxf4 Nf5 25. Be3 Nxh4 26. Na4 Qa7 27. Nc5 b6 28. Nxd7 Rxd7 29. Rc3 Rdc7 30. Rbc1 Ne7 31. Be2 Rxc3 32. Rxc3 Nhf5 33. Rxc8 Nxc8 34. Qd3 b5 35. Qc3 Nce7 36. b4 Nxe3 37. fxe3 Qb7 38. Nd3 Nf5 39. Nc5 Qc6 40. Qd3 Bf8 41. Bf3 Bxc5 42. bxc5 Ne7 43. e4 Kg7 44. exd5 exd5 45. Be2 Nf5 46. g4 Ne7 47. Kf2 Qe6 48. Kg3 Nc6 49. Qe3 Na5 50. Qc3 Nc6 51. Bf3 Kf7 52. Bg2 Ke8 53. Bh3 g5 54. Bg2 Qf7 55. Qe3 Kd7 56. Qf3 Qxf3+ 57. Bxf3 Ke6 0-1

[Event "CRO-chT3 Centar-B"]
[Site "Croatia"]
[Date "2017.05.14"]
[Round "4.1"]
[White "Kovacic, Dominik"]
[Black "Jambrovic, Gabrijel"]
[Result "1-0"]
[WhiteElo "1813"]
[BlackElo "1802"]
[PlyCount "53"]
[EventDate "2017.04.02"]
[EventType "team-tourn"]
[EventRounds "9"]
[EventCountry "CRO"]
[SourceTitle "EXT 2019"]
[Source "ChessBase"]
[SourceDate "2018.10.10"]
[SourceVersion "1"]
[SourceVersionDate "2018.10.10"]
[SourceQuality "1"]

1. d4 d5 2. Nf3 Nf6 3. c4 c6 4. g3 g6 5. Bg2 Bg7 6. 0-0 0-0 7. b3 Bg4 8. Ne5 Bf5 9. Nd2 Ne4 10. Ndf3 Nd7 11. Nxd7 Bxd7 12. Bb2 f5 13. e3 g5 14. Qe2 Qe8 15. Ne5 Bxe5 16. dxe5 Qg6 17. cxd5 cxd5 18. f3 Nc5 19. e4 fxe4 20. fxe4 Nxe4 21. Qd3 Bc6 22. Rae1 a6 23. Qd4 e6 24. Ba3 Rxf1+ 25. Rxf1 Rc8 26. Qb4 Bb5 27. Rf8+ 1-0

[Event "CRO-chT3B Center North"]
[Site "Croatia"]
[Date "2014.04.06"]
[Round "1.5"]
[White "Skuhala, Jernej"]
[Black "Kovacic, Dominik"]
[Result "1/2-1/2"]
[WhiteElo "1966"]
[BlackElo "1737"]
[PlyCount "92"]
[EventDate "2014.04.06"]
[EventType "team-tourn"]
[EventRounds "9"]
[EventCountry "CRO"]
[SourceTitle "EXT 2019"]
[Source "ChessBase"]
[SourceDate "2018.10.10"]
[SourceVersion "1"]
[SourceVersionDate "2018.10.10"]
[SourceQuality "1"]

1. e4 c5 2. Nf3 d6 3. d4 cxd4 4. Nxd4 Nf6 5. Nc3 g6 6. Be3 Bg7 7. f3 Nc6 8. Qd2 0-0 9. 0-0-0 d5 10. exd5 Nxd5 11. Nxd5 Qxd5 12. c4 Qe5 13. Nxc6 bxc6 14. Bd4 Qc7 15. Bxg7 Kxg7 16. h4 Be6 17. h5 Rad8 18. Bd3 Qe5 19. hxg6 hxg6 20. Qh6+ Kf6 21. Qh4+ Qg5+ 22. Qxg5+ Kxg5 23. b3 Bf5 24. Bxf5 Kxf5 25. Rde1 Rd7 26. Rh4 e5 27. Rhe4 Re8 28. f4 Rde7 29. Kc2 g5 30. g3 c5 31. b4 cxb4 32. Kb3 gxf4 33. gxf4 f6 34. c5 Rc8 35. Rc4 a5 36. fxe5 Rxe5 37. Rec1 Re3+ 38. Kb2 Re2+ 39. Kb3 Re3+ 40. Kb2 Re5 41. Kb3 Re4 42. Rf1+ Ke5 43. Rxe4+ Kxe4 44. Rxf6 Rxc5 45. Rd6 Rc3+ 46. Kb2 Ra3 1/2-1/2

[Event "Medimurska CupT"]
[Site "Croatia"]
[Date "2014.03.15"]
[Round "6.4"]
[White "Kovacic, Dominik"]
[Black "Skuhala, Luka"]
[Result "1/2-1/2"]
[WhiteElo "1898"]
[BlackElo "1877"]
[PlyCount "74"]
[EventDate "2014.02.08"]
[EventType "team-swiss"]
[EventRounds "6"]
[EventCountry "CRO"]
[SourceTitle "EXT 2023"]
[Source "ChessBase"]
[SourceDate "2022.10.05"]
[SourceVersion "1"]
[SourceVersionDate "2022.10.05"]
[SourceQuality "1"]

1. e4 c5 2. d4 cxd4 3. c3 d3 4. Bxd3 Nc6 5. c4 g6 6. Nf3 Bg7 7. 0-0 d6 8. Nc3 Bg4 9. h3 Bxf3 10. Qxf3 Ne5 11. Qe2 Rc8 12. Be3 b6 13. Rac1 Nxd3 14. Qxd3 Nf6 15. Rfd1 0-0 16. b3 Nd7 17. Bd4 Bxd4 18. Qxd4 Nf6 19. Nd5 Nxd5 20. cxd5 Qd7 21. a4 Rc5 22. Rxc5 bxc5 23. Qd3 Rb8 24. Rc1 Rb6 25. Rc3 Qb7 26. Qd2 Rb4 27. f3 Qb6 28. Kh2 Rd4 29. Qc2 e6 30. dxe6 fxe6 31. Rc4 Rxc4 32. Qxc4 d5 33. exd5 Qd6+ 34. Kg1 exd5 35. Qb5 Qb6 36. Qe8+ Kg7 37. Qe7+ Kg8 1/2-1/2

[Event "CRO-chT3B Center North"]
[Site "Croatia"]
[Date "2013.10.06"]
[Round "6.3"]
[White "Srpak, Damir"]
[Black "Kovacic, Dominik"]
[Result "1-0"]
[WhiteElo "1918"]
[BlackElo "1703"]
[PlyCount "81"]
[EventDate "2013.04.14"]
[EventType "team-tourn"]
[EventRounds "9"]
[EventCountry "CRO"]
[SourceTitle "EXT 2019"]
[Source "ChessBase"]
[SourceDate "2018.10.10"]
[SourceVersion "1"]
[SourceVersionDate "2018.10.10"]
[SourceQuality "1"]

1. d4 g6 2. Nf3 Bg7 3. c4 c5 4. d5 d6 5. e4 e5 6. h3 Ne7 7. Bd3 0-0 8. Bg5 Nd7 9. Nc3 a6 10. 0-0 f6 11. Bh4 g5 12. Bg3 Ng6 13. h4 Nf4 14. Ne1 Rf7 15. Nc2 Nf8 16. h5 Bh6 17. Ne3 Qe8 18. Nf5 Bxf5 19. exf5 Nxd3 20. Qxd3 Rc7 21. Ne4 Qe7 22. f3 Rb8 23. Be1 b5 24. Ba5 Rcb7 25. cxb5 axb5 26. b4 Nd7 27. bxc5 Nxc5 28. Nxc5 dxc5 29. d6 Qf7 30. Bc7 c4 31. Qe4 Rxc7 32. dxc7 Qxc7 33. g4 Bf8 34. Qd5+ Kg7 35. Rfd1 Bc5+ 36. Kg2 Bd4 37. Qe6 Rb6 38. Qe8 Rb8 39. h6+ Kxh6 40. Rh1+ Kg7 41. Rxh7+ 1-0

[Event "CRO-chT3B Center North"]
[Site "Croatia"]
[Date "2013.05.19"]
[Round "5.3"]
[White "Kovacic, Dominik"]
[Black "Horvatic, Zvonko"]
[Result "0-1"]
[WhiteElo "1703"]
[BlackElo "1846"]
[PlyCount "82"]
[EventDate "2013.04.14"]
[EventType "team-tourn"]
[EventRounds "9"]
[EventCountry "CRO"]
[SourceTitle "EXT 2019"]
[Source "ChessBase"]
[SourceDate "2018.10.10"]
[SourceVersion "1"]
[SourceVersionDate "2018.10.10"]
[SourceQuality "1"]

1. e4 c5 2. d4 e6 3. Nf3 cxd4 4. c3 d6 5. Bc4 Nf6 6. Qe2 Be7 7. 0-0 0-0 8. cxd4 Nc6 9. Nc3 a6 10. a4 Na5 11. Ba2 Nc6 12. e5 dxe5 13. dxe5 Nd7 14. Rd1 Qc7 15. Bf4 b6 16. Rac1 Nc5 17. Ne4 Nb4 18. Nxc5 Nxa2 19. Nxe6 Nxc1 20. Rxc1 Qxc1+ 21. Bxc1 Bxe6 22. Bd2 Rfd8 23. Bc3 b5 24. axb5 axb5 25. h3 Bc4 26. Qe4 Bd5 27. Qg4 Be6 28. Qe4 Bd5 29. Qg4 Ra4 30. Qg3 b4 31. Bd2 Bxf3 32. Qxf3 Rxd2 33. Qc6 Ra1+ 34. Kh2 Rxf2 35. e6 fxe6 36. Qxe6+ Rf7 37. h4 Raf1 38. Kh3 h6 39. Qc8+ Bf8 40. Qc4 R1f4 41. Qe6 Kh8 0-1

[Event "CRO-chT3B Center North"]
[Site "Croatia"]
[Date "2012.04.14"]
[Round "1.13"]
[White "Kovacic, Dominik"]
[Black "Srsan, Matija"]
[Result "0-1"]
[WhiteElo "1667"]
[BlackElo "1866"]
[PlyCount "65"]
[EventDate "2012.04.14"]
[EventType "team-tourn"]
[EventRounds "9"]
[EventCountry "CRO"]
[SourceTitle "EXT 2013"]
[Source "ChessBase"]
[SourceDate "2012.11.22"]
[SourceVersion "1"]
[SourceVersionDate "2012.11.22"]
[SourceQuality "1"]

1. e4 c5 2. Nf3 e6 3. d4 cxd4 4. Nxd4 Nf6 5. Bd3 Nc6 6. Be3 d5 7. Nxc6 bxc6 8. e5 Nd7 9. f4 Bc5 10. Qe2 Qb6 11. Bc1 a5 12. Nd2 Be3 13. Rf1 Ba6 14. Bxa6 Bxd2+ 15. Bxd2 Qxa6 16. Qg4 g6 17. Be3 Qc4 18. c3 Nxe5 19. Qh3 Nd3+ 20. Kd2 Nxb2 21. Bd4 0-0 22. Rf3 f6 23. Qxe6+ Kg7 24. Qe7+ Rf7 25. Bxf6+ Kg8 26. Qe6 Rb8 27. Be5 Qe4 28. Rc1 Nc4+ 29. Kd1 Ne3+ 30. Ke1 Nxg2+ 31. Kf2 Nh4 32. Qg4 Rb2+ 33. Kg3 0-1

[Event "CRO-chT U20 21st"]
[Site "Topusko"]
[Date "2012.04.04"]
[Round "8.11"]
[White "Kovacic, Dominik"]
[Black "Cupic, Lovro"]
[Result "0-1"]
[WhiteElo "1667"]
[BlackElo "2062"]
[PlyCount "30"]
[EventDate "2012.04.01"]
[EventType "team-tourn"]
[EventRounds "11"]
[EventCountry "CRO"]
[SourceTitle "EXT 2013"]
[Source "ChessBase"]
[SourceDate "2012.11.22"]
[SourceVersion "1"]
[SourceVersionDate "2012.11.22"]
[SourceQuality "1"]

1. Nf3 d5 2. c4 d4 3. b4 c5 4. d3 cxb4 5. a3 bxa3 6. Bxa3 Nc6 7. g3 g6 8. Bg2 e5 9. Bxf8 Kxf8 10. 0-0 Kg7 11. Nbd2 Nf6 12. Qb3 Nd7 13. Ne4 Qe7 14. Nfg5 f5 15. f4 fxe4 0-1

[Event "CRO-chT U20 21st"]
[Site "Topusko"]
[Date "2012.04.03"]
[Round "5.31"]
[White "Blazeka, Matej"]
[Black "Kovacic, Dominik"]
[Result "1/2-1/2"]
[WhiteElo "2208"]
[BlackElo "1667"]
[PlyCount "49"]
[EventDate "2012.04.01"]
[EventType "team-tourn"]
[EventRounds "11"]
[EventCountry "CRO"]
[SourceTitle "EXT 2013"]
[Source "ChessBase"]
[SourceDate "2012.11.22"]
[SourceVersion "1"]
[SourceVersionDate "2012.11.22"]
[SourceQuality "1"]

1. e4 c5 2. Nf3 d6 3. d4 cxd4 4. Nxd4 Nf6 5. Nc3 g6 6. f3 Bg7 7. Be3 0-0 8. Qd2 Nc6 9. Bc4 Bd7 10. 0-0-0 Ne5 11. Bb3 Rc8 12. g4 b5 13. g5 b4 14. Nce2 Nh5 15. Ng3 a5 16. Nxh5 gxh5 17. f4 a4 18. fxe5 axb3 19. Nxb3 Bxe5 20. Qxb4 Be6 21. Kb1 Rc4 22. Qb7 Rc7 23. Qb6 Qc8 24. Rd2 Rc6 25. Qa5 1/2-1/2

[Event "CRO-chT U20 21st"]
[Site "Topusko"]
[Date "2012.04.02"]
[Round "3.21"]
[White "Petrusic, Toni"]
[Black "Kovacic, Dominik"]
[Result "1-0"]
[WhiteElo "2251"]
[BlackElo "1667"]
[PlyCount "51"]
[EventDate "2012.04.01"]
[EventType "team-tourn"]
[EventRounds "11"]
[EventCountry "CRO"]
[SourceTitle "EXT 2013"]
[Source "ChessBase"]
[SourceDate "2012.11.22"]
[SourceVersion "1"]
[SourceVersionDate "2012.11.22"]
[SourceQuality "1"]

1. e4 c5 2. Nc3 Nc6 3. g3 g6 4. Bg2 Bg7 5. d3 d6 6. f4 Nf6 7. Nf3 0-0 8. 0-0 Bg4 9. h3 Bxf3 10. Bxf3 Nd4 11. Bg2 e6 12. Ne2 Nd7 13. c3 Nc6 14. g4 e5 15. f5 Rb8 16. g5 f6 17. h4 Qe8 18. Ng3 Ne7 19. Be3 Rc8 20. Bh3 Rc7 21. Qb3+ Kh8 22. Rae1 a6 23. Re2 Qf7 24. Qd1 Qe8 25. Rh2 d5 26. gxf6 1-0

[Event "Ptuj op 6th"]
[Site "Ptuj"]
[Date "2011.08.17"]
[Round "8"]
[White "Gantar, Jan"]
[Black "Kovacic, Dominik"]
[Result "1-0"]
[WhiteElo "2175"]
[BlackElo "1636"]
[PlyCount "65"]
[EventDate "2011.08.12"]
[EventType "swiss"]
[EventRounds "9"]
[EventCountry "SLO"]
[SourceTitle "CBM 143 Extra"]
[Source "ChessBase"]
[SourceDate "2011.08.29"]
[SourceVersion "1"]
[SourceVersionDate "2011.08.29"]
[SourceQuality "1"]

1. e4 c5 2. Nf3 Nc6 3. d4 cxd4 4. Nxd4 Nf6 5. Nc3 e5 6. Ndb5 d6 7. Bg5 a6 8. Na3 b5 9. Bxf6 gxf6 10. Nd5 f5 11. c3 Bg7 12. exf5 Bxf5 13. Nc2 Be6 14. g3 0-0 15. Bg2 a5 16. 0-0 f5 17. Qe2 Rb8 18. Rfd1 Ne7 19. Nce3 Kh8 20. Qh5 Nc6 21. Rd2 b4 22. Rad1 bxc3 23. bxc3 Rb5 24. Nb4 Nxb4 25. Rxd6 Qe8 26. Qxe8 Rxe8 27. cxb4 Bf8 28. Bc6 Rbb8 29. Bxe8 Bxd6 30. Rxd6 Rxe8 31. bxa5 Bxa2 32. Nxf5 Bb1 33. Ne3 1-0

[Event "CRO-ch U19"]
[Site "Bjelolasica"]
[Date "2010.07.30"]
[Round "8"]
[White "Jerkovic, Maroje"]
[Black "Kovacic, Dominik"]
[Result "1-0"]
[WhiteElo "1803"]
[BlackElo "1864"]
[PlyCount "103"]
[EventDate "2010.07.25"]
[EventType "swiss"]
[EventRounds "9"]
[EventCountry "CRO"]
[SourceTitle "CBM 137 Extra"]
[Source "ChessBase"]
[SourceDate "2010.09.01"]
[SourceVersion "1"]
[SourceVersionDate "2010.09.01"]
[SourceQuality "1"]

1. e4 d6 2. d4 g6 3. f4 Bg7 4. c3 Nf6 5. e5 Nfd7 6. Nf3 0-0 7. Bc4 e6 8. 0-0 d5 9. Be2 c5 10. Na3 a6 11. Be3 c4 12. Qd2 f6 13. Nc2 Nc6 14. h4 h5 15. exf6 Nxf6 16. Ng5 Ne7 17. Ne1 Nf5 18. Bf2 Bh6 19. Bf3 Qe7 20. Nc2 Nd6 21. Bg3 Nf5 22. Bf2 Nd6 23. Qe1 Bxg5 24. fxg5 Nfe4 25. Bg3 Nxg3 26. Qxg3 Nf5 27. Qe1 Qd6 28. g4 hxg4 29. Bxg4 Bd7 30. Ne3 Ng3 31. Rf3 Ne4 32. Nxc4 Qc7 33. Ne5 Kg7 34. Kg2 Rxf3 35. Bxf3 Nd6 36. Be2 Nf5 37. Bd3 Rh8 38. Bxf5 exf5 39. Qf2 Be6 40. Re1 Re8 41. Re3 Qc8 42. Qe2 f4 43. Rd3 Bf5 44. Rd1 Rf8 45. Kf2 f3 46. Qe3 Be4 47. Rh1 Qe8 48. Rh3 Qe6 49. Rg3 Qb6 50. b3 Rh8 51. Qf4 Rf8 52. Qxf8+ 1-0